000 00574cam a22002291 4500
001 sa 68006273
003 DLC
005 20260227112515.0
008 890627s1967 ii 000 0 orio
010 _asa 68006273
035 _a(OCoLC)19934980
040 _aDLC
_cWaU
_dDLC
042 _apremarc
050 0 0 _aPK2570.5
_b.M3
100 1 _aMahanti, Brajamohan.
245 1 0 _aOḍiā sāhityare ādhunikatāra darśana.
260 _c[1967]
300 _a169 p.
_c22 cm.
500 _aIn Oriya.
650 0 _aOriya literature.
650 0 _aLiterature
_xPhilosophy.
999 _c81220
_d81220